Normal view MARC view
  • Maanu Graphics

Entry Personal Name

Number of records used in: 1

001 - CONTROL NUMBER

  • control field: 5954

003 - CONTROL NUMBER IDENTIFIER

  • control field: OSt

005 - DATE AND TIME OF LATEST TRANSACTION

  • control field: 20180208121956.0

008 - FIXED-LENGTH DATA ELEMENTS

  • fixed length control field: 180208|| aca||aabn | a|a d

040 ## - CATALOGING SOURCE

  • Original cataloging agency: OSt
  • Transcribing agency: OSt

100 ## - HEADING--PERSONAL NAME

  • Personal name: Maanu Graphics

670 ## - SOURCE DATA FOUND

  • Source citation: Work cat.: (OSt): Maanu Graphics, Gandhi, Nehru prasad, 2012

Powered by Koha